Loading...

A guide to confident living /

Bibliographic Details
Main Author: Peale, Norman Vincent
Format: Printed Book
Language:English
Published: New York Simon & Schuster 2003
Subjects:
LEADER 00634 a2200181 4500
008 160812b xxu||||| |||| 00| 0 eng d
020 |a 9780743234870 
082 |a 158.1 
100 |a Peale, Norman Vincent 
245 |a A guide to confident living /  |c Norman Vincent Peale 
260 |b Simon & Schuster  |c 2003  |a New York 
300 |a 248p.  |c 22cm. 
650 |a Psychology 
650 |a Psychology, Applied 
650 |a Conduct of life 
942 |2 ddc  |c BK 
999 |c 111136  |d 111136 
952 |0 0  |1 0  |4 0  |6 158_100000000000000_PEA_G  |7 0  |9 115597  |a UL  |b UL  |c ST1  |d 2015-06-30  |e 2  |g 218.27  |l 7  |o 158.1 PEA/G  |p 93936  |q 2022-02-02  |r 2022-01-03  |s 2022-01-03  |v 299.00  |y BK